Music Quiz

Random Music or Song Quiz
Score 0/30 Timer 03:00
0 Plays Today
% Correct
sink like a stone
83%
they are a-changin’
82.6%
around you have grown
81.3%
they are a-changin’
78.7%
drenched to the bone
78.7%
block up the hall
74.7%
rattle your walls
73.9%
they are a-changin’
73.1%
wherever you roam
72.9%
they are a-changin’
71.2%
can’t understand
71%
won’t come again
70.8%
they are a-changin’
70.6%
worth savin’
70.5%
beyond your command
70.5%
% Correct
with your pen
70%
it is ragin’
64.7%
can’t lend your hand
63.6%
he who has stalled
62.5%
later to win
61.5%
please heed the call
60.5%
curse it is cast
60.5%
wheel’s still in spin
60.5%
throughout the land
60.2%
that it’s namin’
55.9%
later be last
54.5%
rapidly fadin’
51.2%
later be past
50.3%
later be fast
49.2%
rapidly agin’
39.9%

You're not logged in!

Compare scores with friends on all Sporcle quizzes.
OR
Log In

Sporcle TV

Today on Sporcle TV


Watch our educational content, quiz creation guides, and fun videos on Sporcle TV.

Show Comments

Extras

Top Quizzes Today


Score Distribution

Paid Content

Your Account Isn't Verified!

In order to create a playlist on Sporcle, you need to verify the email address you used during registration. Go to your Sporcle Settings to finish the process.

Report this User

Report this user for behavior that violates our Community Guidelines.

Details: